Managing the sociology of finance /

Bibliographic Details
Other Authors: Li, Yuanhui, (Editor), Ferguson, John, (Editor)
Format: eBook
Language:English
Published: [Place of publication not identified] : Emerald, 2015.
Series:Chinese Management Studies ; Volume 9, Issue 3
Subjects:
Online Access:Click to View
LEADER 01676nam a2200397 i 4500
001 EBC2141469
003 MiAaPQ
005 20201109072044.0
006 m o d |
007 cr cnu||||||||
008 201109s2015 xx o 000 0 eng d
020 |z 9781785605888 
020 |a 9781785605895  |q (electronic bk.) 
035 |a (MiAaPQ)EBC2141469 
035 |a (Au-PeEL)EBL2141469 
035 |a (CaPaEBR)ebr11086623 
035 |a (OCoLC)918624073 
040 |a MiAaPQ  |b eng  |e rda  |e pn  |c MiAaPQ  |d MiAaPQ 
050 4 |a HG101  |b .M363 2015 
082 0 |a 306.3  |2 23 
245 0 0 |a Managing the sociology of finance /  |c guest editors, Professor Yuanhui Li and Professor John Ferguson. 
264 1 |a [Place of publication not identified] :  |b Emerald,  |c 2015. 
300 |a 1 online resource (209 pages). 
336 |a text  |b txt  |2 rdacontent 
337 |a computer  |b c  |2 rdamedia 
338 |a online resource  |b cr  |2 rdacarrier 
490 0 |a Chinese Management Studies ;  |v Volume 9, Issue 3 
588 |a Description based on print version record. 
590 |a Electronic reproduction. Ann Arbor, MI : ProQuest, 2018. Available via World Wide Web. Access may be limited to ProQuest affiliated libraries. 
650 0 |a Finance  |x Social aspects. 
655 4 |a Electronic books. 
700 1 |a Li, Yuanhui,  |e editor. 
700 1 |a Ferguson, John,  |e editor. 
776 0 8 |i Print version:  |t Managing the sociology of finance.  |d [Place of publication not identified] : Emerald, 2015   |h 209 pages   |k Chinese Management Studies ; Volume 9, Issue 3   |z 9781785605888 
797 2 |a ProQuest (Firm) 
856 4 0 |u https://ebookcentral.proquest.com/lib/matrademy/detail.action?docID=2141469  |z Click to View